000 00448nam a2200133Ia 4500
008 211109s9999||||xx |||||||||||||| ||und||
082 _a894.8121
_bOLA-K
100 _aOlappamanna,
245 0 _aKathakavithakal
260 _bKamalalya Printing Works
_aThiruvananthapuram
_c1966
630 _xGENERAL STACK
650 _aMalayalam Literature
_valtaic,uralic,hyperborean and dravidian
_xliteratue and rhetoricmalayalam poetry Generalia
942 _cBOOK
999 _c74400
_d74400